| 000 | 02018cam a22002895a 4500 | ||
|---|---|---|---|
| 001 | L159199 | ||
| 002 | |||
| 008 | 110804s2015 xxk f 000 0 eng d | ||
| 020 | _a9781118717905 | ||
| 035 | _a(Sirsi) u159199 | ||
| 041 | 0 | _aeng | |
| 050 | 0 | 4 | _a692.8 $2 18 |
| 100 | 1 | _aKlee, Lukas | |
| 245 | 0 | 0 | _aInternational construction contract law |
| 260 |
_aLondon _bJohn Wiley & Sons _c2015 |
||
| 505 | 2 | _aInternational construction projects -- Civil law and common law -- Common delivery methods -- Specifics of EPC and EPCM -- Unification and standardization in international construction -- Price -- Time -- Variations -- Claims -- Claim management -- Construction dispute boards -- FIDIC -- Other standard forms of construction contracts: NEC, ICC, ENNA, IChemE, Orgalime, AIA, VOB -- Risk and insurance -- Risk in underground construction -- Securities -- Civil engineering works: infrastructure construction projects -- Building construction: health care facilities -- Appendix A: interactive exercises -- Appendix B: sample letters -- Appendix C: dictionary of construction terms: Chinese, Czech, English, French, German, Hungarian, Polish, Portuguese, Russian, Spanish -- Appendix D: claim management system under FIDIC forms -- Appendix E: FIDIC forms risk allocation charts -- Appendix F: engineer?s determination within the ambit of the 1999 Edition of the FIDIC contract forms: a case study of contractor?s claims in respect of sand and gravel borrow areas | |
| 520 | _aHelps to understand the legal and managerial aspects of large international construction projects. Provides an overview of civil law and common law interrelationships, delivery methods, standard forms of contract, risk allocation, variations, claims and dispute resolution. | ||
| 650 | 2 | 4 | _aFIDIC |
| 650 | 2 | 4 | _aEPC CONTRACTS |
| 650 | 2 | 4 | _aVARIATIONS |
| 650 | 2 | 4 | _aDISPUTE RESOLUTION BOARD |
| 650 | 2 | 4 | _aCONTRACT CLAIMS |
| 650 | 2 | 4 | _aCONTRACT LAW |
| 651 | 4 | _aInternational | |
| 690 |
_aContracts _96232 |
||
| 942 | _n0 | ||
| 999 |
_c115738 _d115738 |
||